Quien es quien en España : edición 1997 edición 1997
Descripción Física:
1441 p. ; 18 cm
MARC
| LEADER | 00000nam a2200000Ia 4500 | ||
|---|---|---|---|
| 001 | 12277 | ||
| 008 | 160829s9999 xx 000 0 cat d | ||
| 080 | |a O-1-88 | ||
| 245 | |a Quien es quien en España : |b edición 1997 | ||
| 260 | |a Madrid : |b Campillo, DL 1997 | ||
| 300 | |a 1441 p. ; |c 18 cm | ||
| 650 | |a Espanya |x Directoris |9 31583 | ||
| 650 | |a Espanya |x Biografia |x Directoris |9 31584 | ||
| 901 | |a Arxiu | ||
| 942 | |n 1 | ||
| 952 | |0 0 |1 0 |4 0 |6 O188 |7 1 |9 45681 |a Arxiu |b Arxiu |d 2016-12-01 |l 0 |o O-1-88 |p 12277 |r 2016-12-01 00:00:00 |w 2016-12-01 |y ARXIU | ||
| 999 | |c 49181 |d 49181 | ||